00669nam a2200181Ia 4500003000900000008004100009020001800050040001600068080001600084245010500100260003400205300001300239650005700252700003100309942000700340999001700347952012300364IN-BaIIA211028s9999 xx 000 0 eng d a81-204-0734-2 cIIA Library a902(5)bPOS 0aSouth Asian archaelogy studiescedited by G. L. Possehl  aNew DelhibOxford & IBHc1992 ax, 266p. aArchaelogy-South Asia, Studies in Archaelogy.921245 aPossehl, G. L., ed.921246 cBK c12172d12172 00104070aBANbBANcGENd1997-08-05g450.00l0o902(5)/ POSp13088r2021-11-05v450.00w1997-08-05yBKGRs. 450.00